| 000 | 00620nam a2200205 a 4500 | ||
|---|---|---|---|
| 001 | 3169 | ||
| 003 | CDMR | ||
| 005 | 20131115134815.0 | ||
| 008 | 130130s1976||||||||||||||||||||||||||||d | ||
| 020 | _a8473660595 | ||
| 040 |
_aCDMR _bcat _cCDMR |
||
| 100 | 1 |
_aEsteban, Jorge de _92310 |
|
| 245 | 1 | 0 |
_aPor una comunicación democrática _cJorge de Wsteban |
| 260 |
_aValencia _c1976 _bFernando Torres |
||
| 300 | _a125 p. | ||
| 490 | 0 |
_aInterdisciplinar _v22 |
|
| 650 | 0 | 4 |
_92807 _aMitjans de comunicació de massa _xAspectes polítics |
| 650 | 0 | 4 |
_93370 _aMitjans de comunicació de massa _xDret i legislació |
| 942 |
_cMON _2udc |
||
| 999 |
_c3169 _d3169 |
||